000 004390000a22001690004500
003 MACL
005 20151219134643.0
008 151219b xxu||||| |||| 00| 0 eng d
040 _aMACL
_cMACL
041 _aEnglish
082 _a321/WIL
100 _aWilson, Elizabeth
_921366
245 _aFederation and World Order
260 _bThomas Nelson and Sons
_c1940
_aNew York
650 _aPolitical Science
_988
942 _cBK
_k321/WIL
_2ddc
999 _c39702
_d39702